| 000 | 00751nas a2200253 4500 | ||
|---|---|---|---|
| 001 | BR2010001579 | ||
| 003 | BR-BrBNA | ||
| 005 | 20231205113955.0 | ||
| 007 | ta | ||
| 008 | 230509b bl.|||p| |||| 00| 00por d | ||
| 040 |
_aBR-BrBNA _bpor _cBiblioteca Nacional de Agricultura |
||
| 041 | _a(Pt) | ||
| 072 | _aH10 | ||
| 100 | 1 | _aBarbosa, L.R. | |
| 100 | 1 | _aIede, E.T. | |
| 100 | 1 | _aSantos, F. | |
| 245 | 1 | _aCaracterização de danos de Gryllus sp. em plantas de eucalipto, em laboratório | |
| 650 | _aEUCALIPTO | ||
| 650 | _aGRILO | ||
| 650 | _aDANO | ||
| 773 | 0 |
_tPesquisa Florestal Brasileira (Brazil) _xISSN 1809-3647 _g(Jul-Dec 2009), (no. 59) p. 63-68 _wBR2010001579 |
|
| 909 |
_a202311 _bLúcia _c55 _dLúcia Elande |
||
| 942 |
_2AGRIS _n0 _cANA |
||
| 999 |
_c206525 _d206525 |
||